Lyrics to 'Rhythm of Love' by Plain White T's - Statistics

General Stats
  • This quiz has been taken 5 times
  • The average score is 189 of 225
Answer Stats
Answer % Correct
a
100%
A
100%
above
100%
All
100%
all
100%
and
100%
And
100%
at
100%
be
100%
begs
100%
clouds
100%
come
100%
down
100%
from
100%
have
100%
head
100%
heart
100%
her
100%
here
100%
I
100%
"I
100%
in
100%
is
100%
it
100%
love
100%
love"
100%
me
100%
music
100%
My
100%
my
100%
of
100%
only
100%
Play
100%
rhythm
100%
sun
100%
the
100%
The
100%
to
100%
tonight
100%
up
100%
view
100%
We
100%
will
100%
you
100%
your
100%
you're
100%
As
75%
beats
75%
"Boy
75%
But
75%
dance
75%
drum
75%
ear
75%
guitar
75%
keep
75%
like
75%
low
75%
make
75%
may
75%
mind
75%
mine
75%
morning
75%
rises
75%
Says
75%
She
75%
so
75%
song
75%
string
75%
strum
75%
stuck
75%
sway
75%
til
75%
Warm
75%
watch
75%
way
75%
We'll
75%
Well
75%
world
75%
after
50%
along
50%
around"
50%
back
50%
beautiful
50%
blue
50%
can
50%
deep
50%
dry
50%
eyes
50%
fine
50%
fooling
50%
gone
50%
got
50%
humming
50%
laughing
50%
lips
50%
long
50%
meet
50%
moment
50%
moon
50%
motion
50%
quit
50%
roll
50%
sea
50%
She's
50%
she's
50%
slow
50%
still
50%
subside
50%
tears
50%
That
50%
tide
50%
told
50%
turns
50%
when
50%
When
50%
wind
50%
You'll
50%
I've
25%
strung
25%
Yeah
25%
No matching quizzes found
Score Distribution
Percent of People with Each Score
Percentile by Number Answered
Your Score History
You have not taken this quiz